Biblioteca

Las lágrimas del cocodrilo (Registro nro. 70036)

Detalles MARC
000 -LÍDER
Campo fijo de descripción fija 01227nam a22002537i 4500
001 - NÚMERO DE CONTROL
Campo de control BINCO
003 - IDENTIFICADOR DEL NÚMERO DE CONTROL
Campo de control CO-MdBIC
005 - FECHA Y HORA DE LA ULTIMA TRANSACCIÓN
control field 20240609175217.0
008 - ELEMENTOS DE LONGITUD FIJA -- INFORMACIÓN GENERAL
Campo fijo de descripción fija -- Información general 240603t2014 ck a|||| |||| 00| 0 spa d
020 ## - NÚMERO INTERNACIONAL NORMALIZADO PARA LIBROS
Número Internacional Normalizado del libro 9789588850092
040 ## - FUENTE DE CATALOGACIÓN
Idioma de catalogación spa.
Agencia que realiza la transcripción CO-MdBIC
Agencia que realiza la modificación CO-MdBIC
041 ## - CÓDIGO DE IDIOMA
Código de idioma para texto/pista de sonido o título separado spa
082 ## - NÚMERO DE CLASIFICACIÓN DECIMAL DEWEY
Número de la edición del Dewey 23
Número de clasificación 895.6
Clave de autor-Numero de item L912
100 ## - ASIENTO PRINCIPAL--NOMBRE PERSONAL
Nombre personal Low, Amalia,
245 #4 - TÍTULO
Título del Material Las lágrimas del cocodrilo
Mención de responsabilidad, etc. / Amalia Low
260 ## - PUBLICACIÓN, DISTRIBUCIÓN, ETC. (PIE DE IMPRENTA)
Lugar de publicación, distribución, etc. Bogotá, Colombia:
Nombre del editor, distribuidor, etc. Ediciones B.,
Fecha de publicación, distribución, etc. [2014]
264 ## - PRODUCCIÓN, PUBLICACIÓN, DISTRIBUCIÓN, MANUFACTURA, Y COPYRIGHT
Fecha de producción, publicación, distribución, manufactura, o copyright ©2014
300 ## - DESCRIPCIÓN FÍSICA
Extensión 30 páginas :
Otros detalles físicos ilustraciones a color ;
Dimensiones 20 cm.
490 ## - MENCIÓN DE SERIE
Mención de serie Colección Zafari
500 ## - NOTA GENERAL
Nota General Texto en español
501 ## - NOTA DE “CON”
Nota de Contenido Un cuento que explica que en el sutil equilibrio de la naturaleza, todos estamos conectados. El engañoso cocodrilo debe probar las amargas consecuencias de sus actos, descubriendo finalmente que "es más divertido comerse el fruto compartido".<br/>Un cocodrilo muy codicioso quiere quedarse con todas las frutas del árbol donde vive el gentil perezoso. A través del engaño, la agresividad y la destrucción, logra su propósito… pero pronto se da cuenta que al dañar a los seres a su alrededor, se ha perjudicado a sí mismo.
690 ## - CAMPO LOCAL DE ACCESO TEMÁTICO
Término temático o nombre geográfico como elemento de entrada Literatura japonesa
690 ## - CAMPO LOCAL DE ACCESO TEMÁTICO
Término temático o nombre geográfico como elemento de entrada Cuentos infantiles japoneses
Existencias
Estado de Material Estado de Perdido Forma de Clasificación Estado de Dañado No para Préstamo Colección Biblioteca de Origen Biblioteca Permanente Fecha de Adquisición Total de Préstamos Signatura Topográfica Código de Barras Última vez visto Fecha de Remplazo Tipo de Material
    Dewey Decimal Classification     Colección Junior Biblioteca Infantil Comunitaria BINCO Biblioteca Infantil Comunitaria BINCO 03/06/2024   895.6 L912 B00005 25/11/2024 03/06/2024 Z- Libro General BINCO

Biblioteca FUSBC | Teléfono: (57+4) 349 88 10 Ext. 141| WhatsApp (+57) 3005338115 
E-mail: biblioteca@unisbc.edu.co | Calle 76 87-14 Robledo Palenque, Medellín, Colombia

Con tecnología Koha